00405nam a2200133Ia 4500008004100000020001800041082001800059100002200077245005300099260005100152300000800203650002600211650003400237140316s9999 xx 000 0 und d a81 85211 22 1 a632.9bPRE/SH aPremalatha Dath,A aSheath blight disease of rice and its management aNew DelhibAssociated publishing companyc1990 a129 ahost genes ,chemicals amanagement through microbiota